[Event "Ayvalik Argistra"]
[Site "Ayvalik"]
[Date "2022.02.18"]
[Round "7"]
[White "Ozsakallioglu, Okan"]
[Black "Sevgi, Volkan"]
[Result "1/2-1/2"]
[WhiteElo "2270"]
[BlackElo "2344"]
[PlyCount "49"]
[EventDate "2022.02.14"]
[EventType "schev"]
[EventRounds "9"]
[EventCountry "TUR"]
[SourceTitle "CBM 206 Extra"]
[Source "ChessBase"]
[SourceDate "2022.03.31"]
[SourceVersion "1"]
[SourceVersionDate "2022.03.31"]
[SourceQuality "1"]
[WhiteTeam "Team C"]
[BlackTeam "Team D"]
[WhiteTeamCountry "TUR"]
[BlackTeamCountry "TUN"]

1. e4 c6 2. d4 d5 3. Nc3 dxe4 4. Nxe4 Bf5 5. Ng3 Bg6 6. h4 h6 7. Nf3 Nd7 8. h5 Bh7 9. Bd3 Bxd3 10. Qxd3 Ngf6 11. Bd2 e6 12. 0-0-0 Be7 13. Qe2 0-0 14. Nf1 c5 15. g4 cxd4 16. g5 Nd5 17. gxh6 Qb6 18. Rg1 Ba3 19. bxa3 Nc3 20. Bxc3 dxc3 21. Rxg7+ Kh8 22. Rh7+ Kg8 23. Rg7+ Kh8 24. Rh7+ Kg8 25. Rg7+ 1/2-1/2

[Event "Ayvalik Argistra"]
[Site "Ayvalik"]
[Date "2022.02.15"]
[Round "3"]
[White "Gurel, Ediz"]
[Black "Sevgi, Volkan"]
[Result "1/2-1/2"]
[WhiteElo "2380"]
[BlackElo "2344"]
[PlyCount "158"]
[EventDate "2022.02.14"]
[EventType "schev"]
[EventRounds "9"]
[EventCountry "TUR"]
[SourceTitle "CBM 206 Extra"]
[Source "ChessBase"]
[SourceDate "2022.03.31"]
[SourceVersion "1"]
[SourceVersionDate "2022.03.31"]
[SourceQuality "1"]
[WhiteTeam "Team A"]
[BlackTeam "Team D"]
[WhiteTeamCountry "TUR"]
[BlackTeamCountry "TUN"]

1. e4 c5 2. Nf3 Nc6 3. d4 cxd4 4. Nxd4 Nf6 5. Nc3 e5 6. Ndb5 d6 7. Bg5 a6 8. Na3 b5 9. Nd5 Be7 10. Bxf6 Bxf6 11. c4 b4 12. Nc2 a5 13. Qf3 Be6 14. Rd1 Bxd5 15. cxd5 Nb8 16. Bb5+ Nd7 17. Bc6 Ra7 18. a3 0-0 19. axb4 axb4 20. Bxd7 Qxd7 21. Nxb4 Qb5 22. Nd3 Ra4 23. 0-0 Bd8 24. Nc1 Qxb2 25. Ne2 g6 26. Ng3 Rc4 27. Rd3 Qc2 28. Ra3 f5 29. exf5 gxf5 30. Ra7 Rg4 31. Nh5 Qd2 32. Rd7 Rg6 33. Ng3 e4 34. Qh5 Rh6 35. Qd1 Qg5 36. Qc1 Qh4 37. h3 Rg6 38. Ne2 Bg5 39. Qc4 Bh6 40. Kh1 Bg7 41. f4 Kh8 42. Rc7 Rg8 43. Rc8 Bb2 44. Rxg8+ Rxg8 45. Qb4 Bg7 46. Qxd6 Qh5 47. Ng1 Re8 48. Qc6 Rd8 49. Rc1 Qf7 50. Qe6 Qf8 51. Qc6 Qa3 52. Qb6 Ra8 53. Rd1 Qa2 54. Qb5 Qf2 55. Rf1 Qd2 56. Ne2 Rd8 57. d6 Qd3 58. Qxd3 exd3 59. Ng3 Rxd6 60. Nxf5 Rd5 61. Nh4 d2 62. Rd1 Rd4 63. g3 Rd3 64. Kg2 Bc3 65. Nf3 Ba5 66. Kf2 Bb6+ 67. Kg2 Ba5 68. g4 Rc3 69. Rxd2 Rxf3 70. Ra2 Rxf4 71. Rxa5 Rf7 72. Rf5 Ra7 73. Kg3 Kg7 74. Kh4 Rb7 75. Kh5 h6 76. Re5 Ra7 77. h4 Rb7 78. g5 hxg5 79. hxg5 Ra7 1/2-1/2

[Event "Titled Tuesday intern op 28th Dec"]
[Site "Chess.com INT"]
[Date "2021.12.28"]
[Round "11"]
[White "Kadam, Om Manish"]
[Black "Sevgi, Volkan"]
[Result "1-0"]
[WhiteElo "2114"]
[BlackElo "2344"]
[PlyCount "163"]
[EventDate "2021.12.28"]
[EventType "swiss (blitz)"]
[EventRounds "11"]
[EventCountry "USA"]
[SourceTitle "CBM 206 Extra"]
[Source "ChessBase"]
[SourceDate "2022.03.31"]
[SourceVersion "1"]
[SourceVersionDate "2022.03.31"]
[SourceQuality "1"]

1. e4 c6 2. c4 g6 3. d4 Bg7 4. Nc3 d6 5. Nf3 Bg4 6. Be3 Nd7 7. Be2 Qc7 8. 0-0 e5 9. dxe5 dxe5 10. Qc2 Ne7 11. Rfd1 Nf8 12. Bc5 Bxf3 13. Bxf3 Ne6 14. Bd6 Qc8 15. Bg4 h5 16. Bh3 g5 17. Bxe6 Qxe6 18. Qb3 b6 19. Qa4 0-0 20. Bxe7 Qxe7 21. Qxc6 Qb4 22. Qb5 Qe7 23. Nd5 Qb7 24. Rac1 Rab8 25. Qb3 Rfc8 26. Qh3 h4 27. Qf5 Rc6 28. Qxg5 Re8 29. Rc3 Rg6 30. Qxh4 Qc6 31. b3 Qc5 32. Rg3 Ree6 33. Rxg6 fxg6 34. Qg4 Qc6 35. Nb4 Qe8 36. Rd8 Qxd8 37. Qg3 Kh7 38. Qh3+ Bh6 39. Nd5 Rd6 40. Qg4 Kg7 41. Qg3 Bf4 42. Qc3 Re6 43. h3 Bg5 44. Qg3 Bf6 45. a4 Qd6 46. Ne3 Kf7 47. Nd5 Re8 48. Qf3 Qe6 49. g4 Kg7 50. Qe3 Rh8 51. Kg2 Be7 52. Qc3 Bc5 53. f4 Bd4 54. Qd3 Rf8 55. f5 Qd6 56. g5 gxf5 57. exf5 Kf7 58. f6 Rg8 59. Qh7+ Kf8 60. g6 Qe6 61. Qh6+ Ke8 62. Kh1 Kd8 63. Qg5 e4 64. f7+ Kd7 65. fxg8Q Qxg8 66. Qf5+ Kc6 67. Qxe4 Kc5 68. Ne7 Qf8 69. Qd5+ Kb4 70. Nc6+ Kxb3 71. Nxd4+ Kc3 72. Qe4 Qf1+ 73. Kh2 Qf2+ 74. Qg2 Qxd4 75. Qg3+ Kb4 76. g7 Qd2+ 77. Qg2 Qf4+ 78. Qg3 Qd2+ 79. Kg1 Qd1+ 80. Kf2 Qd2+ 81. Kf1 Qd1+ 82. Qe1+ 1-0

[Event "Titled Tuesday intern op 28th Dec"]
[Site "Chess.com INT"]
[Date "2021.12.28"]
[Round "9"]
[White "Sevgi, Volkan"]
[Black "Abdrlauf, Elham"]
[Result "0-1"]
[WhiteElo "2344"]
[BlackElo "2350"]
[PlyCount "94"]
[EventDate "2021.12.28"]
[EventType "swiss (blitz)"]
[EventRounds "11"]
[EventCountry "USA"]
[SourceTitle "CBM 206 Extra"]
[Source "ChessBase"]
[SourceDate "2022.03.31"]
[SourceVersion "1"]
[SourceVersionDate "2022.03.31"]
[SourceQuality "1"]

1. e4 c6 2. Nc3 d5 3. Nf3 dxe4 4. Nxe4 Nf6 5. Qe2 Nxe4 6. Qxe4 Nd7 7. Bc4 Nf6 8. Ne5 e6 9. Qe2 b5 10. Bd3 Qc7 11. b3 Bd6 12. Bb2 Nd5 13. g3 Nb4 14. f4 Nxd3+ 15. cxd3 Bb7 16. d4 0-0 17. 0-0 c5 18. Rac1 Qe7 19. dxc5 Bxc5+ 20. d4 Bb6 21. Qxb5 Rad8 22. Rfd1 Rd5 23. Qe2 f6 24. Nc4 Qd7 25. Nxb6 axb6 26. Re1 Re8 27. Qc4 Rc8 28. Qa4 Bc6 29. Qc4 h6 30. b4 Bb7 31. Qe2 Re8 32. a3 e5 33. Rc2 Qe6 34. Rd2 Rdd8 35. Rc1 Qf5 36. Qc4+ Kh8 37. d5 e4 38. Re1 e3 39. Rde2 Rxd5 40. Rxe3 Rxe3 41. Rxe3 Kh7 42. Kf2 Rd2+ 43. Re2 Rd3 44. Qc2 Qd5 45. Ke1 Qh1+ 46. Kf2 Qg2+ 47. Ke1 Qg1# 0-1